| 000 | 00480nam a2200181Ia 4500 | ||
|---|---|---|---|
| 008 | 151018s9999 xx 000 0 und d | ||
| 082 |
_bRBASDV57579 _a891.468 |
||
| 100 | _aशिरीष कणेकर | ||
| 245 | _aकटटा | ||
| 250 | _b1 | ||
| 260 |
_bदिलीप _c2012 |
||
| 300 | _a320 | ||
| 600 | _aशिरीष कणेकर | ||
| 630 | _aकटटा | ||
| 700 | _aशिरीष कणेकर | ||
| 730 | _aकटटा | ||
| 942 | _cBOOK | ||
| 999 |
_c1052852 _d1052849 |
||